[Event "Cto Aragón Equipos Pref Gr I"]
[Site "Aragón"]
[Date "2014.03.01"]
[Round "6.52"]
[White "Landa Galindo, Victor"]
[Black "Palomar Ramon, Santiago"]
[Result "1-0"]
[WhiteElo "1904"]
[BlackElo "1994"]
[PlyCount "82"]
[EventDate "2014.??.??"]
[EventRounds "9"]
[EventCountry "ESP"]
[WhiteTeam "L´Aurora Estadilla B"]
[BlackTeam "San Jose"]

1. e4 e6 2. d4 d5 3. Nc3 Nf6 4. Bg5 Bb4 5. e5 h6 6. Bd2 Bxc3 7. Bxc3 Ne4 8. Nf3
c5 9. Bb5+ Nc6 10. Qd3 c4 11. Qe3 Nxc3 12. Qxc3 O-O 13. Bxc6 bxc6 14. O-O Qb6
15. b3 Rb8 16. Rfb1 c5 17. Qe1 Ba6 18. bxc4 Qc6 19. cxd5 Qxd5 20. Qa5 Bc4 21.
Qxa7 Rxb1+ 22. Rxb1 Bxa2 23. Rb8 cxd4 24. Rxf8+ Kxf8 25. Qxd4 g5 26. Qxd5 exd5
27. Kf1 Bc4+ 28. Ke1 Kg7 29. Kd2 Kg6 30. Nd4 Bf1 31. g3 g4 32. Ke3 Kg5 33. Nc6
Kf5 34. Kd4 Ke6 35. Nb4 Bc4 36. c3 h5 37. Nc2 Ba2 38. Ne3 Bb3 39. Ng2 Kf5 40.
Nf4 h4 41. Nxd5 Kg5 1-0

[Event "Cto Aragón Equipos Pref Gr II"]
[Site "Aragon"]
[Date "2014.03.01"]
[Round "6.53"]
[White "Lopez Caudevilla, David"]
[Black "Planas Torrea, Francisco Javie"]
[Result "1-0"]
[WhiteElo "2057"]
[BlackElo "2034"]
[PlyCount "113"]
[EventDate "2014.??.??"]
[WhiteTeam "Actur Rey Fernando"]
[BlackTeam "Ejea"]

1. e4 c6 2. Nc3 d5 3. Nf3 Bg4 4. h3 Bxf3 5. Qxf3 e6 6. g3 g6 7. Bg2 Bg7 8. O-O
Na6 9. d3 d4 10. Nb1 Nf6 11. Nd2 O-O 12. Qe2 e5 13. f4 Nh5 14. Qf2 Bh6 15. Nc4
f6 16. a4 Qc7 17. h4 Nb4 18. f5 Bxc1 19. Raxc1 b5 20. axb5 cxb5 21. Na3 a6 22.
Bf3 Qg7 23. Kh2 Qh6 24. Qe1 Nc6 25. Rg1 Kh8 26. Bxh5 gxh5 27. Nb1 Rac8 28. Rd1
Rg8 29. Rg2 Rg4 30. c3 Rcg8 31. Nd2 Qg7 32. Qf2 b4 33. cxd4 Nxd4 34. Nf3 Rd8
35. Nxd4 Rxd4 36. Qc2 Qd7 37. Rgd2 Rg8 38. Qc5 Rc8 39. Qb6 Qc6 40. Qxc6 Rxc6
41. Kg2 a5 42. Ra1 b3 43. Rxa5 Rc2 44. Rxc2 bxc2 45. Rc5 c1=Q 46. Rxc1 Rxd3 47.
Rc8+ Kg7 48. Rc7+ Kg8 49. b4 Rb3 50. Rb7 h6 51. b5 Rb4 52. b6 Rb3 53. Kf2 Kh8
54. Ke2 Rb1 55. Kd3 Rb4 56. Kc3 Rb1 57. Kc4 1-0

[Event "Cto Aragón Equipos Pref Gr II"]
[Site "Aragon"]
[Date "2014.03.01"]
[Round "6.54"]
[White "Planas Torrea, Alberto"]
[Black "Aviol Perez, Jose Mariano"]
[Result "1-0"]
[WhiteElo "1920"]
[BlackElo "1958"]
[PlyCount "136"]
[EventDate "2014.??.??"]
[WhiteTeam "Ejea"]
[BlackTeam "Actur Rey Fernando"]

1. e4 d6 2. d4 Nf6 3. Nc3 g6 4. Nge2 Bg7 5. h3 O-O 6. g4 e5 7. Bg2 Nc6 8. Be3
exd4 9. Nxd4 Bd7 10. Qd2 Re8 11. O-O-O Nxd4 12. Bxd4 Bc6 13. f3 b5 14. h4 b4
15. Ne2 h5 16. g5 Nd7 17. Bxg7 Kxg7 18. Qxb4 Kg8 19. Nc3 Rb8 20. Qd4 a5 21. a3
Rb6 22. Bh3 Nc5 23. Qxc5 dxc5 24. Rxd8 Rxd8 25. Rd1 Rbb8 26. Bf1 Kf8 27. Bc4
Rd4 28. b3 Rbd8 29. Bd3 Ke7 30. Ne2 R4d6 31. Nf4 Bb7 32. Re1 Rd4 33. Ne2 R4d6
34. Nf4 c6 35. a4 Bc8 36. Kd2 Ba6 37. c4 Rb8 38. Kc3 Bc8 39. Be2 Be6 40. Nd3
Rbd8 41. Nxc5 Bc8 42. Nd3 Rd4 43. Ne5 R4d6 44. c5 Re6 45. f4 Bb7 46. Bc4 Rxe5
47. fxe5 Bc8 48. Rf1 Be6 49. Bxe6 fxe6 50. Rf6 Rd1 51. Rxg6 Rh1 52. Rg7+ Kf8
53. Rc7 Rh3+ 54. Kd4 Rxh4 55. Rxc6 Kf7 56. g6+ Kxg6 57. Rxe6+ Kg5 58. c6 Rh1
59. Rd6 h4 60. e6 Kf6 61. e5+ Ke7 62. Kc5 h3 63. c7 h2 64. Kb6 Rc1 65. Rd7+
Kxe6 66. Rh7 Kxe5 67. Rxh2 Kd6 68. Rd2+ Ke7 1-0

[Event "Cto Aragón Equipos Pref Gr II"]
[Site "Aragon"]
[Date "2014.03.01"]
[Round "6.55"]
[White "Leon Dionis, Mateo"]
[Black "Marcellan Peire, Jesus Eduardo"]
[Result "0-1"]
[WhiteElo "1788"]
[BlackElo "1886"]
[PlyCount "88"]
[EventDate "2014.??.??"]
[WhiteTeam "Actur Rey Fernando"]
[BlackTeam "Ejea"]

1. d4 Nf6 2. Nf3 g6 3. g3 Bg7 4. Bg2 O-O 5. O-O d5 6. c3 Bf5 7. Nbd2 Nbd7 8.
Nh4 e6 9. Nxf5 exf5 10. Qb3 Nb6 11. e3 Ne4 12. Nxe4 fxe4 13. Qc2 a5 14. a4 Rc8
15. b3 c5 16. Qd2 c4 17. Ba3 Re8 18. b4 Nxa4 19. Rfb1 b5 20. bxa5 Qxa5 21. Bb4
Qc7 22. Bh3 Ra8 23. Qd1 Qc6 24. Qg4 f5 25. Qf4 Re6 26. g4 fxg4 27. Qxg4 Rae8
28. Qg3 Rf6 29. Qg4 Rf7 30. Ra3 h5 31. Qg3 Bf8 32. Bxf8 Rexf8 33. Rf1 Rf3 34.
Qh4 Qd6 35. Raa1 Nxc3 36. Ra7 Qf6 37. Qxf6 R3xf6 38. f4 exf3 39. Kf2 b4 40.
Rfa1 b3 41. Re7 b2 42. Raa7 Ne4+ 43. Kg1 b1=Q+ 44. Bf1 R6f7 0-1

[Event "Cto Aragón Equipos Pref Gr II"]
[Site "Aragon"]
[Date "2014.03.01"]
[Round "6.56"]
[White "Galvez Longas, Isaac"]
[Black "Fernandez Sierra, Pedro Jose"]
[Result "0-1"]
[WhiteElo "1708"]
[BlackElo "1706"]
[PlyCount "104"]
[EventDate "2014.??.??"]
[WhiteTeam "Ejea"]
[BlackTeam "Actur Rey Fernando"]

1. c4 c5 2. Nc3 Nc6 3. g3 Nf6 4. Bg2 g6 5. e4 e5 6. Nge2 Bg7 7. O-O d6 8. d3
Bg4 9. f3 Bd7 10. Bg5 h6 11. Be3 a6 12. Qd2 Nd4 13. Nd5 Nxe2+ 14. Qxe2 Nxd5 15.
exd5 O-O 16. f4 Re8 17. Qd2 h5 18. fxe5 Bxe5 19. d4 cxd4 20. Bxd4 Qc7 21. Bxe5
Rxe5 22. Rf4 Rae8 23. Raf1 R8e7 24. Qb4 a5 25. Qc3 Bf5 26. Qd4 b6 27. b3 Qc5
28. Qxc5 bxc5 29. Ra1 Re2 30. Rf2 Re1+ 31. Rf1 Rxa1 32. Rxa1 Re2 33. h3 Rb2 34.
Kf1 Bd3+ 35. Kg1 Bb1 36. Kf1 Bxa2 37. Be4 Bxb3 38. Rxa5 Bxc4+ 39. Kg1 Ra2 40.
Rxa2 Bxa2 41. Kf2 Kg7 42. Ke3 Kf6 43. Kd2 Ke5 44. Ke3 Bxd5 45. Bc2 Be6 46. h4
c4 47. Ba4 d5 48. Bc2 d4+ 49. Kd2 c3+ 50. Ke2 Bf5 51. Bb3 d3+ 52. Ke3 d2 0-1

[Event "Cto Aragón Equipos Pref Gr II"]
[Site "Aragon"]
[Date "2014.03.01"]
[Round "6.58"]
[White "Gracia Campo, Carlos Alberto"]
[Black "Alonso Blasco, Jose Miguel"]
[Result "1/2-1/2"]
[WhiteElo "2049"]
[BlackElo "2105"]
[PlyCount "55"]
[EventDate "2014.??.??"]
[WhiteTeam "El Olivar C"]
[BlackTeam "Las Fuentes"]

1. e4 c6 2. d4 d5 3. exd5 cxd5 4. c4 Nf6 5. Nc3 e6 6. Nf3 Bb4 7. a3 Bxc3+ 8.
bxc3 O-O 9. Bd3 dxc4 10. Bxc4 Qc7 11. Qd3 b6 12. O-O Bb7 13. Ne5 Nbd7 14. Nxd7
Nxd7 15. Ba2 Qc6 16. f3 Rfc8 17. Bd2 Nf8 18. Rac1 b5 19. c4 bxc4 20. Bxc4 a5
21. Rc3 Qd6 22. Rb1 Bc6 23. Ba6 Rd8 24. Rxc6 Qxc6 25. Bb7 Qd6 26. Bxa8 Rxa8 27.
Rb5 a4 28. Bb4 1/2-1/2

[Event "Cto Aragón Equipos Pref Gr II"]
[Site "Aragon"]
[Date "2014.03.01"]
[Round "6.59"]
[White "Mombiela De Sus, Jose Luis"]
[Black "Bailo Remacha, Santiago"]
[Result "1/2-1/2"]
[WhiteElo "2050"]
[BlackElo "2016"]
[PlyCount "106"]
[EventDate "2014.??.??"]
[WhiteTeam "Las Fuentes"]
[BlackTeam "El Olivar C"]

1. c4 c5 2. g3 Nc6 3. Bg2 g6 4. Nc3 Bg7 5. Nf3 Nf6 6. d4 cxd4 7. Nxd4 Nxd4 8.
Qxd4 O-O 9. Qd3 d6 10. O-O Rb8 11. Be3 b6 12. Bd4 Bb7 13. e4 Qd7 14. Rfe1 Bc6
15. Rad1 Qb7 16. Nd5 Ne8 17. f4 e5 18. Bc3 Qd7 19. Rf1 f5 20. fxe5 dxe5 21.
exf5 gxf5 22. Rxf5 Rxf5 23. Qxf5 Qxf5 24. Ne7+ Kf7 25. Nxf5 Bxg2 26. Kxg2 Bf6
27. g4 Ke6 28. b3 Rc8 29. Bb4 a6 30. Rd5 Rc6 31. a4 h5 32. h3 hxg4 33. hxg4 Bg5
34. Kf3 Nf6 35. Rd6+ Rxd6 36. Nxd6 Bc1 37. Ne4 Nd7 38. a5 bxa5 39. Bxa5 Ba3 40.
Bd8 Bb4 41. Bg5 Kf7 42. Be3 Ke6 43. Ke2 Kf7 44. Kd3 Ke6 45. g5 Kf5 46. c5 Ke6
47. Kc4 Ba5 48. b4 Bc7 49. c6 Nb8 50. b5 axb5+ 51. Kxb5 Kf5 52. Nc5 Bd8 53. Nd7
Nxc6 1/2-1/2

[Event "Cto Aragón Equipos Pref Gr II"]
[Site "Aragon"]
[Date "2014.03.01"]
[Round "6.60"]
[White "Correas Marcen, Jose Maria"]
[Black "Roman Gimeno, Javier"]
[Result "1-0"]
[WhiteElo "2005"]
[BlackElo "1935"]
[PlyCount "57"]
[EventDate "2014.??.??"]
[WhiteTeam "El Olivar C"]
[BlackTeam "Las Fuentes"]

1. e4 d5 2. exd5 Qxd5 3. Nc3 Qd6 4. Bc4 Nf6 5. d4 c6 6. Nge2 Bf5 7. Bf4 Qb4 8.
Bb3 e6 9. O-O Be7 10. Bc7 b6 11. Ng3 Bg6 12. f4 O-O 13. f5 exf5 14. Nxf5 Re8
15. a3 Qa5 16. Nxe7+ Rxe7 17. Bd8 Rd7 18. Bxf6 gxf6 19. Rxf6 Qg5 20. Qf3 a5 21.
Rf1 Raa7 22. Ne4 Qh4 23. Rxg6+ hxg6 24. Nf6+ Kg7 25. Nxd7 Qxd4+ 26. Kh1 Qxd7
27. Qf6+ Kg8 28. Qxg6+ Kh8 29. Bxf7 1-0

[Event "Cto Aragón Equipos Pref Gr II"]
[Site "Aragon"]
[Date "2014.03.01"]
[Round "6.61"]
[White "Sanchez Herrera, Miguel"]
[Black "Hinojar Basa, Alfonso"]
[Result "0-1"]
[WhiteElo "2126"]
[BlackElo "2201"]
[PlyCount "82"]
[EventDate "2014.??.??"]
[WhiteTeam "St. Casablanca C"]
[BlackTeam "Marcos Frechin"]

1. c4 e6 2. Nc3 d5 3. e3 Nf6 4. Nf3 Be7 5. b3 c5 6. cxd5 exd5 7. Bb5+ Nbd7 8.
d4 O-O 9. O-O a6 10. Be2 b5 11. dxc5 Nxc5 12. Ba3 Bb7 13. Qd4 Qc7 14. Bb2 Ne6
15. Qd3 Rad8 16. Rac1 Qb6 17. Rfd1 Ne4 18. Nd4 N6c5 19. Qb1 f5 20. f3 b4 21.
Nxe4 fxe4 22. f4 a5 23. Kh1 Ba6 24. Qa1 Bxe2 25. Nxe2 Nd3 26. Bxg7 Nf2+ 27. Kg1
Qxe3 28. Bd4 Nh3+ 29. Kh1 Qxe2 30. gxh3 Qf3+ 31. Kg1 Rd6 32. Bf2 Rg6+ 33. Bg3
Rxg3+ 34. hxg3 Qxg3+ 35. Kh1 Qxh3+ 36. Kg1 Qg3+ 37. Kh1 Rf5 38. Rc8+ Kf7 39.
Rxd5 Rxd5 40. f5 Rxf5 41. Qd1 Qh3+ 0-1

[Event "Cto Aragón Equipos Pref Gr II"]
[Site "Aragon"]
[Date "2014.03.01"]
[Round "6.62"]
[White "Sebastian Bespin, Ruben"]
[Black "Cebollada Pacheco, Jesus Raul"]
[Result "1/2-1/2"]
[WhiteElo "2153"]
[BlackElo "2031"]
[PlyCount "62"]
[EventDate "2014.??.??"]
[WhiteTeam "Marcos Frechin"]
[BlackTeam "St. Casablanca C"]

1. e4 e5 2. Nf3 Nc6 3. Bc4 Bc5 4. c3 Nf6 5. d3 a6 6. Nbd2 Ba7 7. Bb3 O-O 8. Nf1
d5 9. Qe2 dxe4 10. dxe4 Qe7 11. Bc2 Ng4 12. Bg5 Qc5 13. Be3 Nxe3 14. Nxe3 Ne7
15. O-O Ng6 16. g3 c6 17. Kg2 Be6 18. Ng5 Qe7 19. h4 Bxe3 20. fxe3 Rad8 21.
Nxe6 Qxe6 22. Bb3 Qe7 23. Rad1 Rxd1 24. Qxd1 Nh8 25. Qg4 Rd8 26. Rf2 Kf8 27.
Qh5 Kg8 28. Qf5 Rd6 29. Qc8+ Rd8 30. Qf5 Rd6 31. Qc8+ Rd8 1/2-1/2

[Event "Cto Aragón Equipos Pref Gr II"]
[Site "Aragon"]
[Date "2014.03.01"]
[Round "6.63"]
[White "Garcia Andres, Daniel"]
[Black "Jario Garcia, Ricardo"]
[Result "1/2-1/2"]
[WhiteElo "2013"]
[BlackElo "2120"]
[PlyCount "110"]
[EventDate "2014.??.??"]
[WhiteTeam "St. Casablanca C"]
[BlackTeam "Marcos Frechin"]

1. e4 e6 2. d4 d5 3. Nd2 Be7 4. Ngf3 c5 5. exd5 exd5 6. Bb5+ Nc6 7. dxc5 Bxc5
8. Qe2+ Nge7 9. Nb3 Bb6 10. Bg5 f6 11. Bf4 O-O 12. O-O-O a6 13. Ba4 Bc7 14.
Bxc7 Qxc7 15. Nbd4 Bg4 16. Ne6 Bxe6 17. Qxe6+ Kh8 18. Bb3 Rac8 19. Rhe1 b5 20.
Kb1 Rfd8 21. Nd4 Nxd4 22. Rxd4 Nc6 23. Rxd5 Ne5 24. Rxd8+ Rxd8 25. f4 Ng6 26.
g3 Qe7 27. c3 Re8 28. Qxe7 Rxe7 29. Rxe7 Nxe7 30. Be6 g5 31. fxg5 fxg5 32. b4
Kg7 33. Kb2 Kf6 34. Bg4 Nd5 35. Bc8 Nc7 36. Kc2 Ke5 37. Kd3 h5 38. h4 gxh4 39.
gxh4 Kd5 40. Bb7+ Ke5 41. Bf3 Ne6 42. c4 Nf4+ 43. Kc3 bxc4 44. Kxc4 Kd6 45. a4
Kc7 46. Kd4 Kb6 47. Ke4 Ng6 48. Bxh5 Nxh4 49. Bf7 Ng2 50. Bd5 Nh4 51. Ke5 Ng6+
52. Kf6 Nf4 53. Bc4 Ng2 54. Ke5 Ne3 55. Bb3 Ng4+ 1/2-1/2

[Event "Cto Aragón Equipos Pref Gr II"]
[Site "Aragon"]
[Date "2014.03.01"]
[Round "6.64"]
[White "Fabre Perez, Jose Maria"]
[Black "Solanas Godes, Beatriz"]
[Result "1-0"]
[WhiteElo "2084"]
[BlackElo "1861"]
[PlyCount "67"]
[EventDate "2014.??.??"]
[WhiteTeam "Marcos Frechin"]
[BlackTeam "St. Casablanca C"]

1. e4 e5 2. Nf3 Nc6 3. Bb5 a6 4. Ba4 Nf6 5. Qe2 b5 6. Bb3 Bc5 7. c3 O-O 8. O-O
d6 9. Rd1 Bg4 10. d3 h6 11. Nbd2 Re8 12. Nf1 d5 13. Ne3 Bxe3 14. Bxe3 d4 15.
Bd2 Qd7 16. Rac1 Rab8 17. h3 Bh5 18. Kh2 a5 19. Rg1 Rbd8 20. g4 dxc3 21. Rxc3
b4 22. Rxc6 Qxc6 23. gxh5 Nxh5 24. Ng5 hxg5 25. Qxh5 Rd7 26. Qxg5 g6 27. Qxg6+
Qxg6 28. Rxg6+ Kh7 29. Rh6+ Kg7 30. Bc4 Red8 31. Ra6 Rd4 32. Be3 R4d6 33. Rxa5
Rh8 34. Rxe5 1-0

[Event "Cto Aragón Equipos Pref Gr II"]
[Site "Aragon"]
[Date "2014.03.01"]
[Round "6.65"]
[White "Sanz Lopez, Ruben"]
[Black "Bogomilov Georgiev, Georgi Ii"]
[Result "1/2-1/2"]
[WhiteElo "1955"]
[BlackElo "1931"]
[PlyCount "75"]
[EventDate "2014.??.??"]
[WhiteTeam "ONCE CA Aragon B"]
[BlackTeam "Tauste B"]

1. d4 d5 2. Nf3 Nf6 3. e3 g6 4. Nbd2 Bg7 5. b3 O-O 6. Bd3 Nc6 7. a3 e5 8. Nxe5
Nxe5 9. dxe5 Ng4 10. Nf3 Nxe5 11. Nxe5 Bxe5 12. Rb1 Qg5 13. g3 Bh3 14. Bf1 Bxf1
15. Kxf1 Rad8 16. Kg2 Bc3 17. h4 Qe5 18. h5 Qe4+ 19. f3 Qe5 20. Rh4 g5 21. Rh1
Rfe8 22. Qd3 d4 23. e4 h6 24. g4 a6 25. Rd1 Ba5 26. Bd2 Bb6 27. Be1 Qb5 28. a4
Qd7 29. a5 Ba7 30. Bg3 Re6 31. b4 Qa4 32. Qb3 Qxb3 33. Rxb3 Rc6 34. Rd2 Rc4 35.
b5 Bc5 36. bxa6 bxa6 37. c3 d3 38. Bxc7 1/2-1/2

[Event "Cto Aragón Equipos Pref Gr II"]
[Site "Aragon"]
[Date "2014.03.01"]
[Round "6.66"]
[White "Muro Turon, Raul"]
[Black "Ferrer Echavarri, Fco Javier"]
[Result "1/2-1/2"]
[WhiteElo "1870"]
[BlackElo "1933"]
[PlyCount "68"]
[EventDate "2014.??.??"]
[WhiteTeam "Tauste B"]
[BlackTeam "ONCE CA Aragon B"]

1. e4 c5 2. c3 d5 3. exd5 Qxd5 4. d4 e6 5. Nf3 Nc6 6. Be2 Be7 7. O-O Nf6 8. Bf4
O-O 9. Ne5 Nxe5 10. Bxe5 cxd4 11. cxd4 Qd7 12. Nc3 Nd5 13. Qb3 Nxc3 14. bxc3
Bd6 15. Bxd6 Qxd6 16. Bf3 Rb8 17. Rfe1 Bd7 18. c4 b6 19. Re3 Rbc8 20. Rc1 Bc6
21. d5 Bd7 22. Rce1 Rc5 23. dxe6 Bxe6 24. Rd3 Qc7 25. Bd5 Bxd5 26. cxd5 Qd6 27.
Qa3 a5 28. g3 Rd8 29. Red1 Rdc8 30. Re1 Kf8 31. Qb3 Rd8 32. Rb1 Rxd5 33. Rxd5
Qxd5 34. Qxb6 Re8 1/2-1/2

[Event "Cto Aragón Equipos Pref Gr II"]
[Site "Aragon"]
[Date "2014.03.01"]
[Round "6.67"]
[White "Landa Garriga, Francisco Javie"]
[Black "Garcia Montolar, Cesar"]
[Result "1-0"]
[WhiteElo "1857"]
[BlackElo "1836"]
[PlyCount "71"]
[EventDate "2014.??.??"]
[WhiteTeam "ONCE CA Aragon"]
[BlackTeam "Tauste B"]

1. e4 d6 2. d4 g6 3. Nf3 Bg7 4. Bc4 Nc6 5. h3 e5 6. dxe5 Nxe5 7. Nxe5 Bxe5 8.
O-O Be6 9. Bb5+ c6 10. Ba4 Ne7 11. c3 f5 12. Nd2 O-O 13. Bc2 fxe4 14. Nxe4 d5
15. Ng5 Bf5 16. Qe2 Qd6 17. Nf3 Bxc2 18. Nxe5 Be4 19. Ng4 Nf5 20. Nh6+ Kg7 21.
Nxf5+ Bxf5 22. Be3 Rae8 23. Qd2 a6 24. Bh6+ Kg8 25. Bxf8 Rxf8 26. Rae1 Qc5 27.
Qe3 Qb5 28. b4 Bd3 29. Qe6+ Kg7 30. Qd7+ Rf7 31. Re7 Rxe7 32. Qxe7+ Kh6 33. Re1
Be4 34. Qh4+ Kg7 35. f3 Qb6+ 36. Kh1 1-0

[Event "Cto Aragón Equipos Pref Gr II"]
[Site "Aragon"]
[Date "2014.03.01"]
[Round "6.68"]
[White "San Lazaro Lorente, David"]
[Black "Soriano Gracia, Manuel"]
[Result "0-1"]
[WhiteElo "1778"]
[BlackElo "1782"]
[PlyCount "98"]
[EventDate "2014.??.??"]
[WhiteTeam "Tauste B"]
[BlackTeam "ONCE CA Aragon B"]

1. d4 d5 2. Nf3 Nf6 3. e3 Bf5 4. c3 Nbd7 5. Qb3 Nb6 6. Nbd2 c6 7. Be2 e6 8. O-O
Bd6 9. c4 dxc4 10. Nxc4 Nxc4 11. Qxc4 O-O 12. Bd2 Qe7 13. Rac1 Rac8 14. Bd3 Bg4
15. Ne5 Bh5 16. Bc3 Nd5 17. Qb3 Rfd8 18. Nc4 Bc7 19. Qc2 h6 20. Nd2 Qh4 21. g3
Qh3 22. Be4 Nf6 23. Bg2 Qg4 24. h3 Qg5 25. Ne4 Nxe4 26. Qxe4 Bg6 27. Qf3 e5 28.
dxe5 Bxe5 29. Rfd1 Bxc3 30. Rxc3 Rc7 31. Rcc1 Rcd7 32. Rxd7 Rxd7 33. Rd1 Qd8
34. Rxd7 Qxd7 35. Qf4 Qd1+ 36. Kh2 Qd2 37. Qd4 Qxf2 38. g4 c5 39. Qe5 b6 40. a4
f6 41. Qd5+ Kh7 42. Qe6 Qxb2 43. Kg3 Qe5+ 44. Qxe5 fxe5 45. Bd5 Bc2 46. Bc6 g5
47. Kf3 Bd3 48. Be4+ Bxe4+ 49. Kxe4 c4 0-1

[Event "Cto Aragón Equipos Pref Gr II"]
[Site "Aragon"]
[Date "2014.03.01"]
[Round "6.70"]
[White "Ferreruela Romero, Jose Joaqui"]
[Black "Gines Abad, Pedro"]
[Result "1-0"]
[WhiteElo "2001"]
[BlackElo "2003"]
[PlyCount "73"]
[EventDate "2014.??.??"]
[WhiteTeam "Calatayud"]
[BlackTeam "IberCaja B "]

1. d4 Nf6 2. Bg5 d5 3. Nf3 e6 4. c4 c6 5. Nc3 Nbd7 6. e3 Qa5 7. Nd2 dxc4 8.
Bxf6 Nxf6 9. Nxc4 Qd8 10. Qf3 Nd5 11. e4 Nb4 12. O-O-O Qf6 13. Qg3 Be7 14. Nd6+
Kd7 15. Nxc8 Rhxc8 16. a3 Na6 17. f4 g5 18. f5 exf5 19. d5 Ke8 20. e5 Qg7 21.
Bxa6 bxa6 22. d6 Rd8 23. dxe7 Kxe7 24. e6 fxe6 25. h4 g4 26. Rhe1 Rxd1+ 27.
Rxd1 e5 28. Qd3 Qh6+ 29. Kb1 Qe6 30. h5 Rb8 31. Rd2 e4 32. Qd4 Qb3 33. Qe5+ Kf8
34. Qxf5+ Kg8 35. Qg5+ Kh8 36. Qf6+ Kg8 37. h6 1-0

[Event "Cto Aragón Equipos Pref Gr II"]
[Site "Aragon"]
[Date "2014.03.01"]
[Round "6.71"]
[White "Gines Esteo, Pedro Antonio"]
[Black "Sanmiguel Mateo, Luis"]
[Result "1-0"]
[WhiteElo "1778"]
[BlackElo "1900"]
[PlyCount "73"]
[EventDate "2014.??.??"]
[WhiteTeam "IberCaja B "]
[BlackTeam "Calatayud"]

1. e4 c6 2. d4 d5 3. Nc3 dxe4 4. Nxe4 Nd7 5. Bc4 Ngf6 6. Ng5 e6 7. c3 h6 8.
N5f3 Bd6 9. Ne2 Qc7 10. Ng3 b5 11. Bd3 Nb6 12. Qe2 O-O 13. Ne4 Nxe4 14. Qxe4 f5
15. Qe2 Nd5 16. O-O Bd7 17. Re1 a6 18. Qc2 Rae8 19. Ne5 c5 20. Nxd7 Qxd7 21.
dxc5 Bxc5 22. a4 Bd6 23. axb5 axb5 24. Qe2 Nc7 25. Be3 Rb8 26. Ra7 Qc6 27. Rea1
e5 28. f3 e4 29. Bc2 Bc5 30. R7a5 exf3 31. Qf2 Bxe3 32. Qxe3 fxg2 33. Qf2 Nd5
34. Qxg2 Qb6+ 35. Qf2 Qxf2+ 36. Kxf2 f4 37. Bb3 1-0

[Event "Cto Aragón Equipos Pref Gr II"]
[Site "Aragon"]
[Date "2014.03.01"]
[Round "6.72"]
[White "Belmonte Barragan, Avelino"]
[Black "Torcal Miguel, Oscar"]
[Result "1/2-1/2"]
[WhiteElo "1784"]
[BlackElo "1697"]
[PlyCount "83"]
[EventDate "2014.??.??"]
[WhiteTeam "Calatayud"]
[BlackTeam "IberCaja B "]

1. e4 c5 2. Nc3 Nc6 3. f4 e6 4. Nf3 d5 5. e5 Bd7 6. Be2 Nge7 7. d4 Nf5 8. O-O
Ncxd4 9. Nxd4 cxd4 10. Nb1 Bc5 11. Bd3 Ne3 12. Bxe3 dxe3 13. Kh1 Qb6 14. b3 Rc8
15. a4 Bd4 16. Ra2 Bc3 17. Nxc3 Rxc3 18. Ra1 Bc6 19. f5 exf5 20. Rxf5 O-O 21.
Rf4 g6 22. Qe2 d4 23. Raf1 Bd5 24. Qg4 Be6 25. Qh4 Qc5 26. Qf6 Re8 27. Bxg6
fxg6 28. Rg4 Qe7 29. Rxg6+ hxg6 30. Qxg6+ Kh8 31. Qh5+ Kg7 32. Rf6 Qxf6 33.
exf6+ Kxf6 34. Qxe8 Rxc2 35. Qh8+ Kg6 36. Qe8+ Kf6 37. Qh8+ Kg6 38. Qe8+ Kg5
39. Qd8+ Kf5 40. Qf8+ Ke4 41. Qf3+ Ke5 42. Qg3+ 1/2-1/2

[Event "Cto Aragón Equipos Div Honor Gr I"]
[Site "Aragon"]
[Date "2014.03.08"]
[Round "7.1"]
[White "Guetas Sanchez, Hugo"]
[Black "Cifuentes Parada, Roberto"]
[Result "1-0"]
[WhiteElo "2154"]
[BlackElo "2458"]
[PlyCount "69"]
[EventDate "2014.??.??"]
[EventCountry "ESP"]
[WhiteTeam "L´Aurora Estadilla"]
[BlackTeam "Jaque"]

1. e4 c5 2. Nf3 e6 3. d4 cxd4 4. Nxd4 Nf6 5. Nc3 Bb4 6. Qf3 d5 7. e5 Ne4 8. Bd3
Nxc3 9. Bd2 Qc7 10. bxc3 Qxe5+ 11. Kd1 Be7 12. Bf4 Qf6 13. Qe3 Nd7 14. Re1 a6
15. g4 e5 16. Nf5 O-O 17. g5 Qe6 18. Bxe5 Nxe5 19. Qxe5 Qxe5 20. Nxe7+ Qxe7 21.
Rxe7 g6 22. Kd2 f6 23. h4 fxg5 24. hxg5 Bg4 25. Ke3 Rac8 26. Rb1 b5 27. Kd4
Rf4+ 28. Ke5 Rxf2 29. a4 Bf5 30. Rh1 Bxd3 31. Rexh7 Rf5+ 32. Kd6 Rxg5 33. Rh8+
Kg7 34. R1h7+ Kf6 35. Rxc8 1-0

[Event "Cto Aragón Equipos Div Honor Gr I"]
[Site "Aragon"]
[Date "2014.03.08"]
[Round "7.2"]
[White "Gonzalez Gambau, Jorge"]
[Black "Solano Lasierra, Javier"]
[Result "0-1"]
[WhiteElo "2123"]
[BlackElo "2181"]
[PlyCount "74"]
[EventDate "2014.??.??"]
[EventCountry "ESP"]
[WhiteTeam "Jaque"]
[BlackTeam "L´Aurora Estadilla"]

1. e4 e6 2. Nc3 d5 3. Nf3 Nf6 4. e5 Nfd7 5. d4 c5 6. dxc5 Nc6 7. Bf4 Nxc5 8.
Bd3 Be7 9. h4 Qa5 10. Kf1 Bd7 11. Kg1 O-O-O 12. a3 Nxd3 13. Qxd3 d4 14. Nb5
Nxe5 15. Nxa7+ Qxa7 16. Bxe5 Bc6 17. Bxd4 Bc5 18. Bxc5 Qxc5 19. Qe3 Qxe3 20.
fxe3 Bxf3 21. gxf3 Rd2 22. Rh2 Rhd8 23. Rc1 h5 24. Rf2 f6 25. f4 R8d5 26. Rg2
Rxg2+ 27. Kxg2 Rd2+ 28. Kf3 Kd8 29. b4 b5 30. c4 Ra2 31. cxb5 Rxa3 32. b6 Ra8
33. b7 Rb8 34. Rc8+ Rxc8 35. bxc8=Q+ Kxc8 36. f5 exf5 37. Kf4 g6 0-1

[Event "Cto Aragón Equipos Div Honor Gr I"]
[Site "Aragon"]
[Date "2014.03.08"]
[Round "7.3"]
[White "Felez Casedas, Carlos"]
[Black "Abos Rosico, Antonio"]
[Result "1-0"]
[WhiteElo "2019"]
[BlackElo "2073"]
[PlyCount "117"]
[EventDate "2014.??.??"]
[EventCountry "ESP"]
[WhiteTeam "L´Aurora Estadilla"]
[BlackTeam "Jaque"]

1. e4 d6 2. Bc4 Nf6 3. d3 c6 4. a4 d5 5. exd5 cxd5 6. Bb3 Nc6 7. d4 Bg4 8. f3
Bf5 9. Ne2 Rc8 10. c3 e6 11. Na3 Bd6 12. Bf4 O-O 13. Bxd6 Qxd6 14. O-O h6 15.
Bc2 Bxc2 16. Nxc2 Na5 17. Ne3 Qb6 18. b4 Nc4 19. Nxc4 Rxc4 20. Kh1 Qc7 21. Qd2
Ne8 22. Ra3 Nd6 23. Qf4 a5 24. b5 Nc8 25. Qxc7 Rxc7 26. Kg1 Nb6 27. Kf2 Rc4 28.
Rfa1 f6 29. Nf4 Kf7 30. Nd3 Rcc8 31. Nc5 Nc4 32. R3a2 b6 33. Nd3 e5 34. dxe5
fxe5 35. Re1 Rfe8 36. Rae2 Kf6 37. Nf4 Rcd8 38. g4 g6 39. h4 Re7 40. Kg1 Rdd7
41. Ng2 d4 42. cxd4 Rxd4 43. Re4 Nd2 44. Rxd4 Nxf3+ 45. Kf2 Nxd4 46. Ne3 Re6
47. Nd5+ Kf7 48. Rc1 Rd6 49. Rc7+ Ke6 50. Ne7 Nb3 51. Nc8 Rd4 52. Rc6+ Kd5 53.
Nxb6+ Ke4 54. Rc4 Nc5 55. Rxc5 Kf4 56. Nd5+ Kxg4 57. b6 Rd2+ 58. Ke3 Rb2 59.
Rb5 1-0

[Event "Cto Aragón Equipos Div Honor Gr I"]
[Site "Aragon"]
[Date "2014.03.08"]
[Round "7.5"]
[White "Sanmartin Agustin, Borja"]
[Black "Hefty, Jorge W"]
[Result "1/2-1/2"]
[WhiteElo "2024"]
[BlackElo "2342"]
[PlyCount "152"]
[EventDate "2014.??.??"]
[EventCountry "ESP"]
[WhiteTeam "El Olivar B"]
[BlackTeam "IberCaja"]

1. e4 e6 2. d4 d5 3. Nc3 Bb4 4. Nge2 dxe4 5. a3 Be7 6. Nxe4 Bd7 7. N2g3 Nf6 8.
Nxf6+ Bxf6 9. Nh5 Bc6 10. Nxf6+ Qxf6 11. Qg4 Nd7 12. Bg5 Qg6 13. Bd3 Nf6 14.
Bxg6 Nxg4 15. Bh5 Nf6 16. Bxf6 gxf6 17. O-O Ke7 18. f4 Rad8 19. c3 f5 20. Rae1
Rhg8 21. Rf2 Kf6 22. Re5 Rg7 23. Rc5 Rdg8 24. g3 Ke7 25. Be2 Kd6 26. Re5 Be4
27. Bf3 f6 28. Bxe4 fxe5 29. fxe5+ Ke7 30. Bxb7 a5 31. Bc6 h5 32. Kf1 h4 33.
gxh4 Rh8 34. Rf4 Rgh7 35. b4 axb4 36. axb4 Rxh4 37. Rxh4 Rxh4 38. Kg2 Rh6 39.
b5 Kf7 40. Kg3 Rg6+ 41. Kf2 Rg4 42. h3 Rf4+ 43. Bf3 Rh4 44. Kg3 Rh8 45. c4 Rg8+
46. Kf4 Rh8 47. Kg3 Ke7 48. h4 Kd7 49. h5 Rg8+ 50. Kf4 Rg1 51. d5 Ke7 52. dxe6
Rf1 53. h6 Rf2 54. Kg3 Rd2 55. Bd5 Rd3+ 56. Kh4 Rd2 57. Kg5 Rh2 58. Kg6 f4 59.
Kg7 Rh3 60. h7 Rg3+ 61. Kh6 Rh3+ 62. Kg5 Rxh7 63. Kxf4 Rh4+ 64. Ke3 Rg4 65. Kd3
Rh4 66. Kc3 Kd8 67. Kb4 Rh5 68. Kc5 Rxe5 69. Kc6 Re1 70. c5 Rc1 71. b6 cxb6 72.
Kxb6 Rb1+ 73. Kc6 Ke7 74. Kc7 Rb5 75. Kc6 Rb1 76. Kc7 Rb5 1/2-1/2